书目信息 |
| 题名: |
实用精细化工过程与装备
|
|
| 作者: | 任凌波 , 金志浩 主编 | |
| 分册: | ||
| 出版信息: | 北京 化学工业出版社 2007 |
|
| 页数: | 461页 | |
| 开本: | 26cm | |
| 丛书名: | ||
| 单 册: | ||
| 中图分类: | TQ062 , TQ051 | |
| 科图分类: | ||
| 主题词: | 精细化工--化工过程 , 精细化工--化工设备 | |
| 电子资源: | ||
| ISBN: | 978-7-5025-9144-1 | |
| 000 | 01020nam0 2200289 450 | |
| 001 | 012004123703 | |
| 005 | 20080225093935.01 | |
| 009 | 012004123703 | |
| 010 | @a978-7-5025-9144-1@dCNY80.00 | |
| 035 | @a(110017)062007012946 | |
| 100 | @a20070402d2007 em y0chiy0110 ea | |
| 101 | 0 | @achi |
| 102 | @aCN@b110000 | |
| 105 | @aa z 000yy | |
| 106 | @ar | |
| 200 | 1 | @a实用精细化工过程与装备@Ashi yong jing xi hua gong guo cheng yu zhuang bei@f任凌波, 金志浩主编 |
| 210 | @a北京@c化学工业出版社@d2007 | |
| 215 | @a461页@c图@d26cm | |
| 330 | @a本书运用精细化工反应及单元操作过程课题研究最新理论,并综合作者多年在该领域积累的实践经验,从反应过程及设备、物料预处理设备、传质过程与设备、传热过程与设备、机械分离方面对不同类型的设备进行了详细的分类和功能划分。 | |
| 606 | 0 | @a精细化工@x化工过程 |
| 606 | 0 | @a精细化工@x化工设备 |
| 690 | @aTQ062@v4 | |
| 690 | @aTQ051@v4 | |
| 701 | 0 | @a任凌波@Aren ling bo@4主编 |
| 701 | 0 | @a金志浩@Ajin zhi hao@4主编 |
| 801 | 0 | @aCN@b110017@c20080225 |
| 905 | @dTQ062@e168@f4 | |
| 实用精细化工过程与装备/任凌波, 金志浩主编.-北京:化学工业出版社,2007 |
| 461页:图;26cm |
| ISBN 978-7-5025-9144-1:CNY80.00 |
| 本书运用精细化工反应及单元操作过程课题研究最新理论,并综合作者多年在该领域积累的实践经验,从反应过程及设备、物料预处理设备、传质过程与设备、传热过程与设备、机械分离方面对不同类型的设备进行了详细的分类和功能划分。 |
| ● |
| 相关链接 |
|
|
|
|
正题名:实用精细化工过程与装备
索取号:TQ062/168
 
预约/预借
| 序号 | 登录号 | 条形码 | 馆藏地/架位号 | 状态 | 备注 |
| 1 | 0614561 | 206145615 | 第二样本阅览室/ [索取号:TQ062/168] | 在馆 | |
| 2 | 0614562 | 206145624 | 第三借阅区/ [索取号:TQ062/168] | 在馆 | |
| 3 | 0614563 | 206145633 | 第三借阅区/ [索取号:TQ062/168] | 在馆 | |
| 4 | 0614564 | 206145642 | 第三借阅区/ [索取号:TQ062/168] | 在馆 |